| 000 | 00540nam a2200193Ia 4500 | ||
|---|---|---|---|
| 999 |
_c14698 _d14698 |
||
| 003 | OSt | ||
| 005 | 20201023125514.0 | ||
| 008 | 190216s9999||||xx |||||||||||||| ||und|| | ||
| 020 | _a9780140109627 | ||
| 040 | _coclc | ||
| 082 |
_a909.82 _bBER/A |
||
| 100 |
_aBerman, Marshall _96091 |
||
| 245 | 0 |
_aAll That Is Solid Melts Into Air / _cMarshall Berman |
|
| 250 | _a2nd Ed. | ||
| 260 |
_bPenguin Books, _c1988. _aNew York: |
||
| 300 | _a383p | ||
| 650 | _aEnglish | ||
| 942 |
_cBK _2ddc _h909.82 _iBER/A _k909.82 _mBER/A |
||